|
|
|
|
| LEADER |
01708nam a2200397 i 4500 |
| 001 |
EBC5786701 |
| 003 |
MiAaPQ |
| 005 |
20200520144314.0 |
| 006 |
m o d | |
| 007 |
cr cnu|||||||| |
| 008 |
190625s2019 gw o 000 0 eng d |
| 020 |
|
|
|z 9783110612219
|
| 020 |
|
|
|a 9783110615135 (e-book)
|
| 035 |
|
|
|a (MiAaPQ)EBC5786701
|
| 035 |
|
|
|a (Au-PeEL)EBL5786701
|
| 035 |
|
|
|a (OCoLC)1104723463
|
| 040 |
|
|
|a MiAaPQ
|b eng
|e rda
|e pn
|c MiAaPQ
|d MiAaPQ
|
| 043 |
|
|
|a a-ii---
|
| 050 |
|
4 |
|a HF1589
|b .M378 2019
|
| 082 |
0 |
|
|a 337.54
|2 23
|
| 100 |
1 |
|
|a Maruschke, Megan,
|e author.
|
| 245 |
1 |
0 |
|a Portals of globalization :
|b repositioning Mumbai's ports and zones, 1833-2014 /
|c Megan Maruschke.
|
| 264 |
|
1 |
|a Berlin ;
|a Boston, Massachusetts :
|b De Gruyter Oldenbourg,
|c [2019]
|
| 264 |
|
4 |
|c 2019
|
| 300 |
|
|
|a 1 online resource (266 pages).
|
| 336 |
|
|
|a text
|b txt
|2 rdacontent
|
| 337 |
|
|
|a computer
|b c
|2 rdamedia
|
| 338 |
|
|
|a online resource
|b cr
|2 rdacarrier
|
| 490 |
0 |
|
|a Dialectics of the global ;
|v 2
|
| 588 |
|
|
|a Description based on print version record.
|
| 590 |
|
|
|a Electronic reproduction. Ann Arbor, MI : ProQuest, 2018. Available via World Wide Web. Access may be limited to ProQuest affiliated libraries.
|
| 651 |
|
0 |
|a India
|x Foreign economic relations.
|
| 655 |
|
4 |
|a Electronic books.
|
| 776 |
0 |
8 |
|i Print version:
|a Maruschke, Megan.
|t Portals of globalization : repositioning mumbais ports and zones 1833-2014.
|d Berlin ; Boston, Massachusetts : De Gruyter Oldenbourg, c2019
|h 266 pages
|k Dialectics of the global ; 2
|z 9783110612219
|w (DLC) 2019931409
|
| 797 |
2 |
|
|a ProQuest (Firm)
|
| 856 |
4 |
0 |
|u https://ebookcentral.proquest.com/lib/matrademy/detail.action?docID=5786701
|z Click to View
|